Theory of Legislation (Record no. 1184739)

MARC details
000 -LEADER
fixed length control field 00652nam a2200253Ia 4500
003 - CONTROL NUMBER IDENTIFIER
control field OSt
005 - DATE AND TIME OF LATEST TRANSACTION
control field 20221007104210.0
008 - FIXED-LENGTH DATA ELEMENTS--GENERAL INFORMATION
fixed length control field 221006b |||||||| |||| 00| 0 eng d
037 ## - SOURCE OF ACQUISITION
Terms of availability Textual
040 ## - CATALOGING SOURCE
Original cataloging agency LCO
Transcribing agency LCO
Language of cataloging eng
041 ## - LANGUAGE CODE
Source of code eng
Language code of text/sound track or separate title eng
100 ## - MAIN ENTRY--PERSONAL NAME
Personal name Bentham's J
9 (RLIN) 705871
245 #0 - TITLE STATEMENT
Title Theory of Legislation
260 ## - PUBLICATION, DISTRIBUTION, ETC.
Place of publication, distribution, etc. London
Name of publisher, distributor, etc. Oxford University Press UK
Date of publication, distribution, etc. 1914
300 ## - PHYSICAL DESCRIPTION
Extent 310, 362
490 ## - SERIES STATEMENT
Volume/sequential designation Vol-1 & 21
650 ## - SUBJECT ADDED ENTRY--TOPICAL TERM
Topical term or geographic name entry element LEGISLATION
9 (RLIN) 688906
942 ## - ADDED ENTRY ELEMENTS (KOHA)
Classification part Z3,91, E4
Koha item type Textual
Holdings
Withdrawn status Lost status Damaged status Not for loan Home library Current library Date acquired Serial Enumeration / chronology Total Checkouts Full call number Barcode Date last seen Price effective from Koha item type
        Law Centre-I Library Law Centre-I Library 2022-10-07 Vol-1 & 2   Z3,91 E4 LO8073 1 2022-10-07 2022-10-07 Textual
Copyright @ Delhi University Library System